000 01067nam a2200301Ia 4500
001 Para_9056
003 CHAP
008 220125s2005 xx 000 0 und d
010 _a207833
040 _cCHAP
090 _aPA TESIS 1919
100 _aEspinoza Altamirano, David
_938025
245 _aAlternativas para el control de dos especies de pulgones y mosca blanca en el cultivo de brócoli (Brassica oleracea var. italica L.) en Mixquic, Tláhuac, D.F. /
_c por David Espinoza Altamirano
260 _aChapingo, Méx. :
_b el autor
300 _a71 h.
502 _aTesis (Ing. Agr. Esp. en Parasitología Agrícola) -- UACh. Departamento Parasitología Agrícola
650 _aBrevicoryne brassicae
_915281
650 _aBrócoli
_x plagas
_915546
650 _aMyzus persicae
_979968
710 _aUACh. Departamento Parasitología Agrícola
_9164025
901 _aPA TESIS 1919
902 _aM
905 _a0000002005 mx dmn 0000000000sp 00
910 _a2005
942 _cPARA
942 _cPARA
_d2
999 _c207833
_d207833